El Régimen de la tenencia de la tierra en Costa Rica

Đã lưu trong:
Chi tiết về thư mục
Tác giả chính: González B, Rodrigo
Định dạng: Texto
Được phát hành: Heredia: EUNA
Các nhãn: Thêm thẻ
Không có thẻ, Là người đầu tiên thẻ bản ghi này!

MARC

LEADER 00000 a a2200000 04500
001 23119
003
040
020 |a 9977-65-057-8  
090 |a 159500  
100 |a González B, Rodrigo  
245 |a El Régimen de la tenencia de la tierra en Costa Rica  
260 |a Heredia:   |b EUNA  
300 |a 163 p.   |b **no definido**  
999 |c 1486  |d 1486